| 000 | 00686nam a2200193Ia 4500 | ||
|---|---|---|---|
| 003 | GCL | ||
| 008 | 140319s9999 xx 000 0 ara d | ||
| 040 |
_aGCL / _cGCL |
||
| 082 | 0 | 4 |
_a301.434 _bا ص |
| 100 | 1 | _aالسيد عبدالعاطى السيد | |
| 245 | 1 | 0 |
_aصراع الاجيال: دراسة فى ثقافة الشباب / _cالسيد عبدالعاطى السيد |
| 260 |
_a[S.N] : _bدار المعرفة الجامعية ، _c1990 |
||
| 300 | _a240 ص | ||
| 490 |
_aعلم الاجتماع قضايا الانسان والمجتمع _v0 |
||
| 650 | 0 | 4 | _aعلم النفس |
| 650 | 0 | 4 | _aالشباب |
| 650 | 0 | 4 | _aالشباب - علم النفس |
| 942 |
_2ddc _cBK |
||
| 999 |
_c54541 _d54541 |
||